banner koha

A Língua Que Veio do Céu / (Registro n. 7534)

MARC details
000 -LÍDER
campo de controle de tamanho fixo 01166nam a2200241 a 4500
001 - NÚMERO DE CONTROLE
campo de controle BS0002474
003 - IDENTIFICADOR DO NÚMERO DE CONTROLE
campo de controle BR-BrBNA
005 - DATA E HORÁRIO DA ÚLTIMA TRANSAÇÃO
campo de controle 20230418192036.0
008 - CAMPO DE DADOS FIXOS--INFORMAÇÃO GERAL
campo de controle de tamanho fixo 230308b |||||||| |||| 00| 0 por d
040 ## - FONTE DA CATALOGAÇÃO
Instituição da catalogação original BR-BrBNA
Idioma da catalogação por
Instituição que transcreveu o registro Biblioteca Nacional de Agricultura
041 ## - CÓDIGO DE IDIOMA
Código do idioma do texto/trilha sonora ou título diferente por
072 ## - CÓDIGO DE CATEGORIA DE ASSUNTO
Código de Categoria de Assunto B59
090 ## - NÚMERO DE CHAMADA LOCAL
Número de chamada B59 BS0002474
100 1# - ENTRADA PRINCIPAL--NOME PESSOAL
Nome pessoal Homarano (org)
245 1# - TÍTULO
Título A Língua Que Veio do Céu /
250 1# - EDIÇÃO
Edição 1 ed.
260 3# - PUBLICAÇÃO, DISTRIBUIÇÃO, ETC.
Local de publicação, distribuição, etc. Rio de Janeiro:
Nome do editor, distribuidor, etc. CELD,
Data da publicação, distribuição, etc. 2004.
300 ## - DESCRIÇÃO FÍSICA
Extensão 230 p.
520 3# - NOTA DE RESUMO, ETC
Resumo, etc. A Língua Que Veio do Céu é uma coletânea de artigos oriundos da Espiritualidade pertinentes ao Esperanto. Um livro que encanta pela sua beleza literária e seu riquíssimo conteúdo. Emmanuel, Bezerra de Menezes, Erasto, André Luíz, Camilo Castelo Branco, Castro Alves e Cruz e Souza são alguns dos espíritos que se manifestaram sobre a barreira linguística, também no plano espiritual, e sua solução por meio do Esperanto. Sem dúvida, é uma obra que merece ser estudada, um verdadeiro repositório de ensinamentos sobre o Evangelho, o Espiritismo e o Esperanto.
650 ## - ASSUNTO--TERMO TÓPICO
Cabeçalho tópico ou nome geográfico ESPIRITISMO
909 ## -
-- 202304
-- Sergio Santos
-- 56
-- Sergio Santos
942 ## - ELEMENTOS DE ENTRADA ADICIONADOS (KOHA)
Tipo de material Koha Livros
Exemplares
Situação do descarte Fonte da classificação ou esquema de arquivamento na estante Situação física Não pode ser emprestado Coleção Biblioteca de origem Biblioteca atual Total de empréstimos Número de telefone completo Código de barras Data de último acesso Número do exemplar Tipo de material Koha Situação das perdas Data de aquisição Fonte de aquisição Qualificador de local codificado
  Classificação AGRIS     Acervo Cultural Biblioteca Nacional de Agricultura - Binagri Biblioteca Nacional de Agricultura - Binagri   B59 BS0002474 B59 BS0002474 12/04/2023 01 Livros   2023-04-04 Doação B59

BINAGRI

Telefone: (61)3218-2567/2388/3357/2097 - binagri@agro.gov.br

Ministério da Agricultura e Pecuária , Esplanada dos Ministérios, Bloco D, Anexo B, Brasília/DF, CEP: 70.043-900